000 00329 a2200157 4500
001 62020
020 _a9788510054270
040 _cAnchieta - Pituba
100 _aMocellin, Renato
240 1 0 _aHistória 9
_lpor
245 1 0 _aHistória 9
300 _a367/64
362 0 _a2013
650 4 _aHistória do mundo
942 _cBK
999 _c62020
_d62020